| 000 | 00747nas a2200253 4500 | ||
|---|---|---|---|
| 001 | BR0809260 | ||
| 003 | BR-BrBNA | ||
| 005 | 20231205112701.0 | ||
| 007 | ta | ||
| 008 | 230509b bl.|||p| |||| 00| 00por d | ||
| 040 |
_aBR-BrBNA _bpor _cBiblioteca Nacional de Agricultura |
||
| 041 | _a(Pt) | ||
| 072 | _aL74 | ||
| 100 | 1 | _aBrunner, C.H.M. | |
| 100 | 1 | _aMartins, M. de F.M. | |
| 100 | 1 | _aBovino, E.E. | |
| 245 | 1 | _aAngiografia in vivo para a avaliação da vascularização do casco de equinos | |
| 650 | _aEQUINO | ||
| 650 | _aRADIOGRAFIA | ||
| 650 | _aCASCO | ||
| 773 | 0 |
_tCiência Rural (Brazil) _xISSN 0103-8478 _g(Jan-Feb 2008), v. 38(1) p. 116-123 _wBR0809260 |
|
| 909 |
_a202311 _bLúcia _c55 _dLúcia Elande |
||
| 942 |
_2AGRIS _n0 _cANA |
||
| 999 |
_c199357 _d199357 |
||